UK Slang - Statistics

General Stats
  • This quiz has been taken 152 times
  • The average score is 4 of 15
Answer Stats
Hint Answer % Correct
A friend Mate
66%
Another word for British pounds Quid
66%
A man or dude Bloke
45%
UK equivalent of bro Bruv
45%
Attractive Leng
42%
What a pirate says Arr
26%
Thing Ting
24%
Hello (pirate) Ahoy
21%
Loot, treasure Booty
10%
Bold or rude in a playful way Cheeky
9%
Stop Halt
9%
A bum or stupid person Wasteman
4%
Someone you dislike on a pirate boat Scallywag
3%
Money, typically coins Dabloons
2%
Zesty Batty boy
1%
No matching quizzes found
Score Distribution
Percent of People with Each Score
Percentile by Number Answered
Your Score History
You have not taken this quiz